000 01266nam0a22003131 4500
001 v19\rc\1574255
005 20260407011011.0
035 _a(NLR Aleph) 004702685
090 _a4089712
_c4089712
100 _a20061002d1893 |||y0rusy50 ca
101 0 _arus
102 _aRU
105 _ay z |||a|
200 1 _aЗаписки Н. Броневского
_aНиколаевский корпус
_aС.-Петербург 1892 год
_e[Стихотворения]
_f[Николай Броневский]
210 _aРевель
_cтип. и лит. Г. Геберта
_dценз. 1893
215 _a[8], 24 с.
_d18
300 _aАвт. указан в конце предисл.
532 1 0 _aЗаписки Николая Броневского
532 1 1 _aСанкт-Петербург тысяча восемьсот девяносто второй год
700 1 _aБроневский
_bН.
_gНиколай
712 0 2 _aНиколаевский кадетский корпус
_cПетербург
_3RU\NLR\AUTH\889998277
_9493895
801 0 _aRU
_bNLR
_gpsbo
801 0 _aRU
_bRuMoRGB
_2psbo
801 1 _aRU
_bProSoft-M
_2rusmarc
852 _aNLR
_j18.267.4.308
899 _aRuMoRGB
_jA 203/758
899 _aБАН
942 _cBOOK
980 _aNB